Statistiques concernant Église à une ville européenne - Quiz d'images

Cliquez ici pour prendre le quiz!

Statistiques générales

  • Ce quiz a été pris 145 fois
  • Le résultat moyen est 10 sur 18

Statistiques - réponses

Réponse% Correct
Paris
99%
Moscou
98%
Barcelone
90%
Istanbul
87%
Saint Petersbourg
73%
Londres
62%
Berlin
60%
Cologne
56%
Venise
56%
Vienne
49%
Prague
43%
Helsinki
40%
Marseille
39%
Cracovie
27%
Reykjavik
23%
Belgrade
21%
Copenhague
16%
Ronchamp
13%

Distribution des résultats

Percentile par nombre de réponses

% des personnes avec chaque résultat

Votre développement - résultats

Vous n’avez pas pris ce quiz